<A> Cross-Sectional View of Start-ups in a Regional Dimension

Saved in:
Bibliographic Details
Main Author: Slávik, Štefan, 1955-
Format: Book Chapter
Language:English
Subjects:
Tags: Add Tag
No Tags, Be the first to tag this record!

MARC

LEADER 00000naa$a2200000$$$4500
001 0260941
005 20240502074136.3
041 0 |a eng 
044 |a SK 
245 1 0 |a <A> Cross-Sectional View of Start-ups in a Regional Dimension  |c Štefan Slávik 
500 |a abstrakt 
610 2 0 |a start-up 
610 2 0 |a vodcovstvo 
610 2 0 |a stratégia podnikateľská 
610 2 0 |a podpora podnikania 
100 1 |a Slávik, Štefan, 1955-